| 000 | 00836nam a22001937a 4500 | ||
|---|---|---|---|
| 003 | BUBTL | ||
| 008 | 190423b xxu||||| |||| 00| 0 eng d | ||
| 020 | _a81-7293-966-3 | ||
| 082 | _a891.443 / BOA | ||
| 100 |
_92287 _aবন্দোপাধ্যায়, বিভূতিভূষন |
||
| 245 |
_aঅপুর সংসার সমগ্র / _cবিভূতিভূষন বন্দোপাধ্যায় |
||
| 260 |
_aকলকাতা : _bমিত্র ও ঘোষ পাবলিশার্স প্রাঃ লিঃ, _cc2016 |
||
| 300 |
_a712 p. : _c24 cm. |
||
| 650 | 0 |
_91689 _aবাংলা সাহিত্য |
|
| 700 |
_92288 _aবন্দোপাধ্যায়, তারাদাস |
||
| 856 |
_k0 _l0 _yDownload |
||
| 942 |
_2ddc _cBK |
||
| 999 |
_c5986 _d5986 |
||